| 000 | 00681nam 22002293 4500 | ||
|---|---|---|---|
| 001 | 202123 | ||
| 021 |
_aPT _b215552/04 |
||
| 090 | _a202123 | ||
| 100 | _a20260511d u||y0pory50 ba | ||
| 101 | _apor | ||
| 102 | _aPT | ||
| 200 |
_aQuando crescer quero ser... Futebolista _ftextos Fátima Sobral _gilustrações Telmo Fonseca |
||
| 210 |
_aSintra _dImpala Editores _ccop. 2005 |
||
| 215 |
_a[13] p. _d29 cm _cil.; cartonado |
||
| 225 | _aQuando crescer quero ser... | ||
| 606 |
_aLiteratura Infantil Portuguesa _922 |
||
| 675 |
_a821.134.3-93 _vPT _zpor |
||
| 700 |
_aSobral _9742 _bFatima |
||
| 702 |
_91676 _aFernandes _bCélia |
||
| 801 |
_aPT _bBMMN _gRPC |
||
| 830 | _cIsabel | ||
| 990 | _cLIVROS | ||